الشعر المنثور والنثر الشعري قراءة في نتاجي جبران خليل جبران وأمين الريحاني = Free Verse and Prose Poetry, An Analysis of Jubran Khalil and Amen Al Rayhani Work (Record no. 33886)
[ view plain ]
| 000 -LEADER | |
|---|---|
| fixed length control field | 01091nam a22001937a 4500 |
| 003 - CONTROL NUMBER IDENTIFIER | |
| control field | JO-AjAnu |
| 005 - DATE AND TIME OF LATEST TRANSACTION | |
| control field | 20250315094642.0 |
| 008 - FIXED-LENGTH DATA ELEMENTS--GENERAL INFORMATION | |
| fixed length control field | 250310b jo ||||| |||| 00| 0 ara d |
| 040 ## - CATALOGING SOURCE | |
| Transcribing agency | JO-AjAnu |
| 041 ## - LANGUAGE CODE | |
| Language code of original | ARA |
| 100 ## - MAIN ENTRY--PERSONAL NAME | |
| Personal name | السرارحة، سراح محمود |
| Relator term | معد |
| 9 (RLIN) | 66491 |
| 245 ## - TITLE STATEMENT | |
| Title | الشعر المنثور والنثر الشعري قراءة في نتاجي جبران خليل جبران وأمين الريحاني = Free Verse and Prose Poetry, An Analysis of Jubran Khalil and Amen Al Rayhani Work |
| Statement of responsibility, etc. | / اعداد سراح محمود السرارحة ؛ اشراف عبد الرحيم عزام مراشدة |
| 260 ## - PUBLICATION, DISTRIBUTION, ETC. | |
| Date of publication, distribution, etc. | 2024 |
| 300 ## - PHYSICAL DESCRIPTION | |
| Extent | 181 ورقة |
| 500 ## - GENERAL NOTE | |
| General note | رسالة جامعية ( رسالة ماجستير في اللغة العربية وآدابها) - جامعة عجلون الوطنية، (الأردن-عجلون) / كلية الآداب، قسم اللغة العربية وآدابها، 2024 |
| 650 ## - SUBJECT ADDED ENTRY--TOPICAL TERM | |
| Form subdivision | الأدب العربي-القرن 19 |
| 700 ## - ADDED ENTRY--PERSONAL NAME | |
| Personal name | مراشدة، عبدالرحيم عزام |
| Relator term | مشرف |
| 9 (RLIN) | 66076 |
| 942 ## - ADDED ENTRY ELEMENTS (KOHA) | |
| Source of classification or shelving scheme | Library of Congress Classification |
| Koha item type | Thesis |
| Suppress in OPAC | No |
| Withdrawn status | Lost status | Source of classification or shelving scheme | Damaged status | Not for loan | Home library | Current library | Date acquired | Total Checkouts | Full call number | Barcode | Date last seen | Price effective from | Koha item type |
|---|---|---|---|---|---|---|---|---|---|---|---|---|---|
| Library of Congress Classification | مكتبة جامعة عجلون الوطنية | مكتبة جامعة عجلون الوطنية | 10/03/2025 | PJ7826.2024 | A30179 | 10/03/2025 | 10/03/2025 | Thesis | |||||
| Library of Congress Classification | مكتبة جامعة عجلون الوطنية | مكتبة جامعة عجلون الوطنية | 10/03/2025 | PJ7826.2024 | A30178 | 10/03/2025 | 10/03/2025 | Thesis |